Normal view
MARC view
Entry Personal Name
001 - CONTROL NUMBER
- control field: 10063
003 - CONTROL NUMBER IDENTIFIER
- control field: BD-RjUL
005 - DATE AND TIME OF LATEST TRANSACTION
- control field: 20231115145351.0
008 - FIXED-LENGTH DATA ELEMENTS
- fixed length control field: 231115|| aca||aabn | a|a d
040 ## - CATALOGING SOURCE
- Original cataloging agency: BD-RjUL
- Transcribing agency: BD-RjUL
100 ## - HEADING--PERSONAL NAME
- Personal name: Kabir, M. Ahsan, Supervisor
670 ## - SOURCE DATA FOUND
- Source citation: Work cat.: (BD-RjUL)82296: Islam, Md. Shahidul 4549, Land Managent System in Bangladesh :, 2018